2019-20 UEFA Champions League Results - Statistics

General Stats
  • This quiz has been taken 2,099 times
  • The average score is 24 of 32
Answers on the Map
Answers color-coded by a green-red scale on the quiz's map according to % correct below.
 
Answer Stats
Club % Correct
๐Ÿ‡ฉ๐Ÿ‡ช Bayern Munich
98%
๐Ÿ‡ช๐Ÿ‡ธ Barcelona
97%
๐Ÿ‡ซ๐Ÿ‡ท Paris Saint-Germain
97%
๐Ÿด๓ ง๓ ข๓ ฅ๓ ฎ๓ ง๓ ฟ Manchester City
96%
๐Ÿ‡ช๐Ÿ‡ธ Real Madrid
94%
๐Ÿด๓ ง๓ ข๓ ฅ๓ ฎ๓ ง๓ ฟ Liverpool
93%
๐Ÿ‡ฉ๐Ÿ‡ช Borussia Dortmund
92%
๐Ÿ‡ช๐Ÿ‡ธ Atlรฉtico Madrid
91%
๐Ÿด๓ ง๓ ข๓ ฅ๓ ฎ๓ ง๓ ฟ Chelsea
91%
๐Ÿ‡ฎ๐Ÿ‡น Inter Milan
91%
๐Ÿ‡ฎ๐Ÿ‡น Juventus
91%
๐Ÿ‡ณ๐Ÿ‡ฑ Ajax
88%
๐Ÿ‡ซ๐Ÿ‡ท Lyon
87%
๐Ÿด๓ ง๓ ข๓ ฅ๓ ฎ๓ ง๓ ฟ Tottenham Hotspur
86%
๐Ÿ‡ฎ๐Ÿ‡น Napoli
81%
๐Ÿ‡ต๐Ÿ‡น Benfica
80%
๐Ÿ‡ฉ๐Ÿ‡ช RB Leipzig
80%
๐Ÿ‡ฎ๐Ÿ‡น Atalanta
75%
๐Ÿ‡ช๐Ÿ‡ธ Valencia
68%
๐Ÿ‡ง๐Ÿ‡ช Club Brugge
66%
๐Ÿ‡ซ๐Ÿ‡ท Lille
65%
๐Ÿ‡น๐Ÿ‡ท Galatasaray
62%
๐Ÿ‡บ๐Ÿ‡ฆ Shakhtar Donetsk
62%
๐Ÿ‡ฉ๐Ÿ‡ช Bayer 04 Leverkusen
59%
๐Ÿ‡ฌ๐Ÿ‡ท Olympiacos
58%
๐Ÿ‡ท๐Ÿ‡บ Zenit Saint Petersburg
58%
๐Ÿ‡ญ๐Ÿ‡ท Dinamo Zagreb
56%
๐Ÿ‡ฆ๐Ÿ‡น Red Bull Salzburg
56%
๐Ÿ‡ท๐Ÿ‡ธ Red Star Belgrade
51%
๐Ÿ‡จ๐Ÿ‡ฟ Slavia Prague
49%
๐Ÿ‡ง๐Ÿ‡ช Genk
44%
๐Ÿ‡ท๐Ÿ‡บ Lokomotiv Moscow
42%
No matching quizzes found
Score Distribution
Percent of People with Each Score
Percentile by Number Answered
Your Score History
You have not taken this quiz